000 00507nam a2200181Ia 4500
001 1803
005 20260306143755.0
008 260306t2007||||xx |||||||||||||| ||spa||
041 _aESP
082 _a155.418
_bM12
100 _aMaciá Antón, Diego
_eAUT
245 0 _aProblemas cotidianos de conducta en la infancia:
_bintervención psicólogica en el ámbito clínico y familiar
260 _c2007
300 _a245 páginas :
_c23 cm.
650 _aGEN
654 _aCPS
942 _cLIB
_dJUS
_fJUS
_2ddc
_n
999 _c1803
_d1803